000 01387nam2a22002651 4500
001 v19\rc\1589008
005 20250618213750.0
035 _a(NLR Aleph) 004714027
090 _a4240174
_c4240175
100 _a20061002d1895 |||y0rusy50 ca
101 0 _arus
102 _aRU
105 _ay z |||||
200 0 _aВып. 4
_eЗаседания 7 января, 13 февраля и 15 апреля 1895 года
210 _d1895
_aБ. м.
215 _a[3], 49 с.
461 0 _1001v19\rc\1589004
_12001#$aЖурналы соединенных заседаний Тамбовской губернской земской управы и Губернской земской сельскохозяйственной комиссии$eС прил... Вып. 1$vВып. 4
_94240122
_aТамбовская губ. земская управа
_cТамбов
_d1894-1896
_nТамб. губ. земство
_oС прил... Вып. 1
_tЖурналы соединенных заседаний Тамбовской губернской земской управы и Губернской земской сельскохозяйственной комиссии
_vВып. 4
801 0 _aRU
_bNLR
_gpsbo
801 0 _aRU
_bRuMoRGB
_2psbo
801 1 _aRU
_bProSoft-M
_2rusmarc
852 _aNLR
_bЗем
_j40/Ж3
899 _aRuMoRGB
_jE 57/576
899 _aRuMoRGB
_jE 57/577
942 _cBOOK
980 _aNB